[Event "AZE-ch U18"]
[Site "Baku"]
[Date "2000.??.??"]
[Round "?"]
[White "Manafov, Ilkin"]
[Black "Mirzakouliev, Fakhri"]
[Result "0-1"]
[WhiteElo "2128"]
[BlackElo "2225"]
[PlyCount "38"]
[EventDate "2000.??.??"]
[EventType "swiss"]
[EventRounds "9"]
[EventCountry "AZE"]
[SourceTitle "EXT 2001"]
[Source "ChessBase"]
[SourceDate "2000.11.22"]
[SourceVersion "1"]
[SourceVersionDate "2000.11.22"]
[SourceQuality "1"]

1. Nf3 f5 2. c4 d6 3. d4 e6 4. Nc3 Nf6 5. b3 g6 6. Bb2 Bg7 7. e3 0-0 8. Bd3 Qe7 9. 0-0 Nh5 10. Qc2 Nc6 11. a3 g5 12. g4 fxg4 13. Bxh7+ Kh8 14. Nd2 Bxd4 15. Bg6 Nf4 16. exf4 gxf4 17. Ne2 Bxb2 18. Qxb2+ e5 19. f3 Qg5 0-1

[Event "EU-ch U16"]
[Site "Mureck"]
[Date "1998.??.??"]
[Round "6"]
[White "Kizilkaya, Mehmet"]
[Black "Mirzakouliev, Fakhri"]
[Result "1/2-1/2"]
[WhiteElo "2065"]
[BlackElo "2245"]
[PlyCount "74"]
[EventDate "1998.07.08"]
[EventType "swiss"]
[EventRounds "9"]
[EventCountry "AUT"]
[SourceTitle "CBM 065 Extra"]
[Source "ChessBase"]
[SourceDate "1998.09.09"]
[SourceVersion "1"]
[SourceVersionDate "1998.09.09"]
[SourceQuality "1"]

1. e4 e5 2. Nf3 d6 3. d4 Nd7 4. Bc4 c6 5. a4 Be7 6. Nc3 h6 7. h3 Ngf6 8. 0-0 0-0 9. Re1 a5 10. Ba2 Re8 11. Be3 Bf8 12. dxe5 dxe5 13. Qe2 Bb4 14. Qc4 Qe7 15. Nh4 Nf8 16. Nf5 Bxf5 17. exf5 Nd5 18. Re2 Bxc3 19. bxc3 Qf6 20. Rb1 Re7 21. g4 Qh4 22. Kg2 h5 23. f3 e4 24. fxe4 hxg4 25. exd5 Qxh3+ 26. Kf2 Qf3+ 27. Ke1 Rxe3 28. dxc6 Rxe2+ 29. Qxe2 Qxc6 30. Qe7 Qxc3+ 31. Kf1 Qf3+ 32. Kg1 Qg3+ 33. Kf1 Qf3+ 34. Kg1 Qg3+ 35. Kf1 Qh3+ 36. Kg1 Qg3+ 37. Kf1 Qf3+ 1/2-1/2

[Event "WUCC op U16"]
[Site "Istanbul"]
[Date "1998.??.??"]
[Round "?"]
[White "Mirzakouliev, Fakhri"]
[Black "Efimenko, Zahar"]
[Result "0-1"]
[WhiteElo "2245"]
[BlackElo "2245"]
[PlyCount "74"]
[EventDate "1998.??.??"]
[EventType "swiss"]
[EventRounds "10"]
[EventCountry "TUR"]
[SourceTitle "EXT 2007"]
[Source "ChessBase"]
[SourceDate "2006.11.23"]
[SourceVersion "1"]
[SourceVersionDate "2006.11.23"]
[SourceQuality "1"]

1. e4 c5 2. g3 Nc6 3. Bg2 g6 4. Ne2 Bg7 5. c3 e5 6. 0-0 Nge7 7. d3 0-0 8. Be3 d6 9. h3 Be6 10. d4 cxd4 11. cxd4 Bc4 12. d5 Nd4 13. Nbc3 f5 14. Re1 Nxe2+ 15. Nxe2 f4 16. gxf4 Bxe2 17. Qxe2 exf4 18. Bd2 g5 19. e5 Bxe5 20. Qg4 Nf5 21. Re4 Qf6 22. Bxf4 Bxf4 23. Rxf4 h5 24. Rxf5 hxg4 25. Rxf6 Rxf6 26. hxg4 Rf4 27. Rc1 Re8 28. Rc2 Rxg4 29. a3 Kf7 30. Rc7+ Re7 31. Rc2 Kf6 32. Kh2 Rh7+ 33. Kg1 Rd4 34. Kf1 Kf5 35. Rc8 Rf7 36. Rc2 Re7 37. Kg1 Kf4 0-1